[Event "ch-USA Junior 2025"]
[Site "Saint Louis USA"]
[Date "2025.07.19"]
[Round "5.2"]
[White "Sethuraman, Sandeep"]
[Black "Mishra, Abhimanyu"]
[Result "1/2-1/2"]
[WhiteTitle "IM"]
[BlackTitle "GM"]
[WhiteElo "2417"]
[BlackElo "2611"]
[WhiteFideId "30941091"]
[BlackFideId "30920019"]
[EventDate "2025.07.15"]

1. d4 Nf6 2. c4 g6 3. g3 Bg7 4. Bg2 d5 5. cxd5 Nxd5 6. e4 Nb6 7. Ne2 c5 8. d5 e6
9. O-O O-O 10. Nbc3 exd5 11. exd5 Re8 12. Be3 Na6 13. b3 Bg4 14. Rc1 Bxc3 15.
Rxc3 Nb4 16. Rxc5 Qd6 17. Ra5 Rad8 18. h3 Bxe2 19. Qxe2 N6xd5 20. Qf3 Nxe3 21.
fxe3 Qe7 22. Rxa7 Nc6 23. Ra4 Qxe3+ 24. Qxe3 Rxe3 25. Raf4 f5 26. Bxc6 bxc6 27.
R4f3 Re2 28. R1f2 Re1+ 29. Rf1 Re2 30. R1f2 Re1+ 31. Rf1 Re2 32. R1f2 Re1+ 33.
Rf1 Re2 1/2-1/2

[Event "ch-USA Junior 2025"]
[Site "Saint Louis USA"]
[Date "2025.07.19"]
[Round "5.3"]
[White "Rorrer, Grayson"]
[Black "Ghazarian, Kirk"]
[Result "1/2-1/2"]
[WhiteTitle "IM"]
[BlackTitle "GM"]
[WhiteElo "2428"]
[BlackElo "2511"]
[WhiteFideId "30944996"]
[BlackFideId "30908604"]
[EventDate "2025.07.15"]

1. e4 c5 2. Nf3 e6 3. d4 cxd4 4. Nxd4 Nf6 5. Nc3 Nc6 6. Bf4 Bc5 7. Ndb5 O-O 8.
Bc7 Qe7 9. Bd6 Bxd6 10. Qxd6 Qd8 11. Nc7 Rb8 12. Be2 b5 13. e5 Ne8 14. Nxe8 Rxe8
15. O-O b4 16. Ne4 Qe7 17. Rad1 Qxd6 18. Nxd6 Rd8 19. f4 Bb7 20. Bf3 Ba8 21. Rd3
Na5 22. Bxa8 Rxa8 23. Rfd1 Kf8 24. c3 Rab8 25. b3 Ke7 26. Rg3 g6 27. Rh3 h5 28.
Rhd3 bxc3 29. Rxc3 Nc6 30. g3 f6 31. exf6+ Kxf6 32. Rc5 Ke7 33. Nc4 Rbc8 34. Nd6
Rb8 35. Nc4 Rbc8 36. Nd6 Rb8 1/2-1/2

[Event "ch-USA Junior 2025"]
[Site "Saint Louis USA"]
[Date "2025.07.19"]
[Round "5.4"]
[White "Wang, Justin"]
[Black "Hardaway, Brewington"]
[Result "1-0"]
[WhiteTitle "IM"]
[BlackTitle "GM"]
[WhiteElo "2529"]
[BlackElo "2498"]
[WhiteFideId "30911370"]
[BlackFideId "30941849"]
[EventDate "2025.07.15"]

1. d4 Nf6 2. c4 e6 3. Nf3 Bb4+ 4. Bd2 a5 5. Qc2 d5 6. a3 Be7 7. Nc3 O-O 8. Bf4
Nh5 9. Be5 Nd7 10. e3 c6 11. Bd3 Nhf6 12. Bg3 dxc4 13. Bxc4 b5 14. Bd3 Bb7 15.
O-O Rc8 16. Rfd1 h6 17. Qe2 Qb6 18. Rac1 Rfd8 19. Ne5 b4 20. Nc4 Qa7 21. axb4
Bxb4 22. Ra1 Nb6 23. Nxa5 Bxa5 24. b4 Nbd5 25. Nxd5 Rxd5 26. Bc4 Rg5 27. h4 Rxg3
28. fxg3 Qb8 29. bxa5 Qxg3 30. Qf2 Qg6 31. a6 Ba8 32. Bd3 Ne4 33. Qf4 c5 34. h5
Qg5 35. Bxe4 Qxf4 36. exf4 Bxe4 37. dxc5 Rxc5 38. Rd8+ Kh7 39. a7 Rxh5 40. Ra4
Bb7 41. Rb8 Bc6 42. Rc8 Bxa4 43. a8=Q Bd1 44. Rh8+ Kg6 45. Qf8 Rh4 46. Rg8 Rxf4
47. Qxg7+ Kh5 48. Rh8 1-0

[Event "ch-USA Junior 2025"]
[Site "Saint Louis USA"]
[Date "2025.07.19"]
[Round "5.5"]
[White "Deviprasath, Sharvesh"]
[Black "Park, Evan"]
[Result "1/2-1/2"]
[WhiteTitle "FM"]
[BlackTitle "IM"]
[WhiteElo "2434"]
[BlackElo "2429"]
[WhiteFideId "30938228"]
[BlackFideId "30931142"]
[EventDate "2025.07.15"]

1. c4 e6 2. Nc3 d5 3. d4 Bb4 4. Qb3 c5 5. dxc5 Nc6 6. a3 Bxc5 7. cxd5 exd5 8.
Qxd5 Qa5 9. e3 Nf6 10. Qc4 Be6 11. Qb5 O-O-O 12. Nf3 Nb4 13. Nd4 Rxd4 14. exd4
Nc2+ 15. Kd1 Qxb5 16. Nxb5 Nxd4 17. Be3 Bb3+ 18. Kc1 Rd8 19. Nxd4 Bxd4 20. Bxd4
Rxd4 21. Be2 Ne4 22. f3 Nc5 23. Bd1 Kc7 24. Bxb3 Nxb3+ 25. Kc2 Nxa1+ 26. Rxa1
Kd6 27. Re1 Rh4 28. h3 Rh6 29. Kc3 Rg6 30. Re2 h5 31. Rd2+ Ke5 32. Rd7 Rxg2 33.
Rxf7 g5 34. Rxb7 Rg3 35. Rxa7 Rxf3+ 36. Kc4 Rxh3 37. b4 g4 38. b5 Rh1 39. b6
Rc1+ 40. Kd3 g3 41. b7 Rb1 42. Ra5+ Kf6 43. Ke2 g2 44. b8=Q Rxb8 45. Kf2 Rg8 46.
Kg1 h4 47. Rh5 Rg4 48. a4 Ke6 49. a5 Kd6 50. Rh6+ Kc7 51. Rh7+ Kc8 52. Rh8+ Kb7
53. Rh7+ Ka6 54. Rh5 Ka7 55. Rh7+ Ka8 56. Rh8+ Kb7 57. Rh7+ Kc6 58. Rh6+ Kb5 59.
a6 Rg7 60. Rxh4 Kxa6 61. Rh2 Ka7 62. Rxg2 Rxg2+ 63. Kxg2 1/2-1/2

[Event "ch-USA Junior 2025"]
[Site "Saint Louis USA"]
[Date "2025.07.21"]
[Round "6.1"]
[White "Mishra, Abhimanyu"]
[Black "Woodward, Andy"]
[Result "1/2-1/2"]
[WhiteTitle "GM"]
[BlackTitle "GM"]
[WhiteElo "2611"]
[BlackElo "2567"]
[WhiteFideId "30920019"]
[BlackFideId "30953499"]
[EventDate "2025.07.15"]

1. e4 c5 2. Nf3 d6 3. d4 cxd4 4. Nxd4 Nf6 5. Nc3 a6 6. Bg5 e6 7. Qf3 Nbd7 8.
O-O-O Qc7 9. Bd3 Be7 10. Qg3 h6 11. Bd2 Ne5 12. Kb1 g5 13. f3 Rg8 14. h4 b5 15.
hxg5 hxg5 16. Rh6 Bb7 17. Qe1 Nfd7 18. Nce2 Rc8 19. Ba5 Qc5 20. Bb4 Qb6 21. Ba5
Qc5 22. a3 Bf6 23. Bb4 Qb6 24. Ba5 Qc5 25. Bb4 Qb6 26. Ba5 Qc5 1/2-1/2

[Event "ch-USA Junior 2025"]
[Site "Saint Louis USA"]
[Date "2025.07.21"]
[Round "6.2"]
[White "Ghazarian, Kirk"]
[Black "Deviprasath, Sharvesh"]
[Result "1-0"]
[WhiteTitle "GM"]
[BlackTitle "FM"]
[WhiteElo "2511"]
[BlackElo "2434"]
[WhiteFideId "30908604"]
[BlackFideId "30938228"]
[EventDate "2025.07.15"]

1. Nf3 Nf6 2. c4 g6 3. Nc3 Bg7 4. g3 O-O 5. Bg2 d6 6. d4 Bd7 7. O-O Re8 8. Bf4
Qc8 9. Re1 Bh3 10. Bh1 Nh5 11. Be3 Nc6 12. Rc1 Nf6 13. d5 Na5 14. b3 c5 15. Bd2
Qd8 16. e4 e5 17. Qc2 a6 18. Bg2 Bd7 19. h3 b5 20. Nd1 b4 21. a3 bxa3 22. Ra1
Nb7 23. Rxa3 a5 24. Nc3 Qc7 25. Kh2 Ra6 26. Rea1 Rea8 27. Ne1 Be8 28. Nd3 Nd7
29. f4 exf4 30. gxf4 Nb6 31. R1a2 a4 32. Nxa4 Bxa4 33. bxa4 Na5 34. Bxa5 Rxa5
35. Rb3 Rxa4 36. Rxa4 Nxa4 37. Ra3 Nb6 38. Rxa8+ Nxa8 39. Qa4 Nb6 40. Qb5 Nd7
41. Qc6 Qxc6 42. dxc6 Nb6 43. c7 Kf8 44. h4 Ke7 45. Bh3 f5 46. exf5 d5 47. fxg6
dxc4 48. Ne1 Kd6 49. c8=R Nxc8 50. Bxc8 hxg6 51. Bb7 Bc3 52. Nc2 Bd2 53. Kg3 Ke6
54. Kg4 Kf6 55. Ba6 c3 56. Bd3 Bc1 57. Ne1 Ba3 58. Bc2 c4 59. Be4 Ke6 60. Bxg6
Kd5 61. h5 Bf8 62. Nc2 Bh6 63. Kf5 Kc5 64. Bf7 Kb5 65. Ke5 Bg7+ 66. Kd5 Kb6 67.
f5 Kc7 68. Ke6 Kd8 69. Bg6 Bh6 70. f6 Bf8 71. f7 Bg7 72. Be4 Bf8 73. Bd5 Kc7 74.
Bxc4 Kc6 75. Bd3 Kc7 76. Ne3 Kd8 77. Nf5 1-0

[Event "ch-USA Junior 2025"]
[Site "Saint Louis USA"]
[Date "2025.07.21"]
[Round "6.3"]
[White "Hardaway, Brewington"]
[Black "Chasin, Nico"]
[Result "1-0"]
[WhiteTitle "GM"]
[BlackTitle "IM"]
[WhiteElo "2498"]
[BlackElo "2459"]
[WhiteFideId "30941849"]
[BlackFideId "30908477"]
[EventDate "2025.07.15"]

1. Nf3 d5 2. e3 Nf6 3. c4 e6 4. Nc3 Nbd7 5. b3 a6 6. Bb2 b6 7. cxd5 exd5 8. g3
Bd6 9. Bg2 Nc5 10. Qc2 Bb7 11. O-O O-O 12. d3 Re8 13. Rfe1 Ne6 14. Rad1 Rc8 15.
Qb1 c5 16. d4 c4 17. bxc4 dxc4 18. e4 Bb4 19. Ba1 Ba5 20. a4 h6 21. Nh4 Qd7 22.
Nf5 g6 23. Nxh6+ Kh7 24. Qc1 Bb4 25. d5 Nc5 26. Qg5 Qe7 27. d6 Qe6 28. Qh4 Kg7
29. Bh3 Qe5 30. Nd5 Qxa1 31. Nf5+ gxf5 32. Qg5+ Kh8 33. Nxf6 Bd2 34. Qh5+ Kg7
35. Nxe8+ Rxe8 36. Rxa1 1-0

[Event "ch-USA Junior 2025"]
[Site "Saint Louis USA"]
[Date "2025.07.21"]
[Round "6.4"]
[White "Park, Evan"]
[Black "Wang, Justin"]
[Result "1/2-1/2"]
[WhiteTitle "IM"]
[BlackTitle "IM"]
[WhiteElo "2429"]
[BlackElo "2529"]
[WhiteFideId "30931142"]
[BlackFideId "30911370"]
[EventDate "2025.07.15"]

1. e4 e5 2. Nf3 Nc6 3. Bb5 a6 4. Ba4 Nf6 5. Nc3 b5 6. Bb3 Be7 7. a4 b4 8. Nd5
O-O 9. d4 d6 10. Nxf6+ Bxf6 11. Bd5 Bb7 12. dxe5 dxe5 13. Be3 Qc8 14. O-O Ne7
15. Bxb7 Qxb7 16. Nd2 Nc8 17. Qe2 Rd8 18. f3 Nd6 19. Nb3 a5 20. Rfd1 Qc6 21. Rd5
Nb7 22. Rb5 Qa6 23. Kf2 h6 24. Kf1 Rd6 25. Nc5 Nxc5 26. Rxc5 Qb7 27. Qb5 Qc8 28.
Qc4 c6 29. Kg1 Qd7 30. Rf1 Re6 31. Qe2 Be7 32. Rc4 Rd6 33. h3 Rd8 34. Bb6 Rb8
35. Be3 Rd8 36. Bb6 Rb8 37. Be3 Rd8 1/2-1/2

[Event "ch-USA Junior 2025"]
[Site "Saint Louis USA"]
[Date "2025.07.21"]
[Round "6.5"]
[White "Sethuraman, Sandeep"]
[Black "Rorrer, Grayson"]
[Result "1/2-1/2"]
[WhiteTitle "IM"]
[BlackTitle "IM"]
[WhiteElo "2417"]
[BlackElo "2428"]
[WhiteFideId "30941091"]
[BlackFideId "30944996"]
[EventDate "2025.07.15"]

1. c4 Nf6 2. g3 e6 3. Nf3 d5 4. b3 d4 5. e3 c5 6. exd4 cxd4 7. Bg2 Nc6 8. O-O
Bd6 9. Ba3 O-O 10. Bxd6 Qxd6 11. d3 Nd7 12. Nbd2 f5 13. a3 a5 14. Ne1 e5 15. Nc2
Nc5 16. b4 Nxd3 17. c5 Qe6 18. Nf3 Qc4 19. Nd2 Qf7 20. Nf3 e4 21. Nfxd4 Nxd4 22.
Nxd4 axb4 23. axb4 Rxa1 24. Qxa1 Nxb4 25. f3 Qc4 26. fxe4 Qxc5 27. exf5 Rd8 28.
Rc1 Qb6 29. Rc4 Nc6 30. Bxc6 bxc6 31. Rxc6 Qxd4+ 32. Qxd4 Rxd4 33. Rxc8+ Kf7 34.
Rh8 h6 35. h3 Kf6 36. Rf8+ Ke7 37. Ra8 Kf6 38. g4 Rd6 39. Ra7 h5 40. Kg2 hxg4
41. hxg4 g6 42. fxg6 Kxg6 43. Kg3 Rc6 44. Kh4 Rb6 45. Ra5 Rc6 46. Rg5+ Kh7 47.
Kg3 Kh6 48. Re5 Kg6 49. Kf4 Rc4+ 50. Re4 Rxe4+ 51. Kxe4 Kg5 52. Kf3 Kg6 53. Kf4
Kf6 54. g5+ Kg6 55. Kg4 Kg7 56. Kf5 Kf7 57. g6+ Kg7 58. Kg5 Kg8 59. Kf5 Kg7 60.
Kg5 Kg8 61. Kf5 Kg7 62. Kg5 Kg8 1/2-1/2

[Event "ch-USA Junior 2025"]
[Site "Saint Louis USA"]
[Date "2025.07.22"]
[Round "7.1"]
[White "Woodward, Andy"]
[Black "Hardaway, Brewington"]
[Result "1/2-1/2"]
[WhiteTitle "GM"]
[BlackTitle "GM"]
[WhiteElo "2567"]
[BlackElo "2498"]
[WhiteFideId "30953499"]
[BlackFideId "30941849"]
[EventDate "2025.07.15"]

1. Nf3 Nf6 2. g3 b5 3. Bg2 Bb7 4. d4 e6 5. Bg5 c5 6. O-O cxd4 7. Nxd4 Bxg2 8.
Bxf6 Qxf6 9. Kxg2 a6 10. Qd3 Bc5 11. Nb3 Be7 12. c3 Nc6 13. N1d2 Ne5 14. Qd4 Nc6
15. Qe3 O-O 16. Nd4 e5 17. Nxc6 Qxc6+ 18. Kg1 f6 19. Rfd1 d5 20. Nf1 Rad8 21.
Qf3 f5 22. Ne3 e4 23. Qf4 Qe6 24. Nc2 g5 25. Qc7 f4 26. Nd4 Qf6 27. Rf1 Bd6 28.
Qc6 Be5 29. Qxf6 Rxf6 30. Rfd1 Rb6 31. Rd2 Kf7 32. a4 Bxd4 33. Rxd4 bxa4 34. Ra2
Rdb8 35. Rxd5 Rxb2 36. Rxa4 Rxe2 37. gxf4 e3 38. Rf5+ Kg6 39. Rxg5+ Kf7 40. Rf5+
Kg6 41. Rg5+ Kf7 42. Rf5+ Kg6 43. Rg5+ 1/2-1/2

[Event "ch-USA Junior 2025"]
[Site "Saint Louis USA"]
[Date "2025.07.22"]
[Round "7.2"]
[White "Wang, Justin"]
[Black "Ghazarian, Kirk"]
[Result "1/2-1/2"]
[WhiteTitle "IM"]
[BlackTitle "GM"]
[WhiteElo "2529"]
[BlackElo "2511"]
[WhiteFideId "30911370"]
[BlackFideId "30908604"]
[EventDate "2025.07.15"]

1. d4 Nf6 2. Nf3 g6 3. c4 Bg7 4. Nc3 d5 5. cxd5 Nxd5 6. e4 Nxc3 7. bxc3 c5 8.
Be3 Bg4 9. Rc1 O-O 10. Qd2 Bxf3 11. gxf3 e6 12. d5 exd5 13. Qxd5 Qxd5 14. exd5
Nd7 15. Bb5 Nb6 16. Bxc5 Nxd5 17. Bxf8 Kxf8 18. c4 Nc3 19. Rxc3 Bxc3+ 20. Ke2
Rc8 21. Rc1 Be5 22. h3 Rc5 23. Kf1 Bf4 24. Rc2 Ke7 25. Ba4 Kd6 26. Bb3 b6 27.
Rc3 Rh5 28. Rd3+ Kc7 29. Kg2 Rg5+ 30. Kf1 Rh5 31. Kg2 Bd6 32. Re3 Rg5+ 33. Kf1
Rf5 34. Kg2 Kc6 35. Ba4+ Kc5 36. Bb5 Kb4 37. Rb3+ Ka5 38. Rd3 Rf6 39. Be8 Kb4
40. Bb5 Ka5 41. Be8 a6 42. Bc6 Bc5 43. Bd5 Rf5 44. Kf1 f6 45. Be4 Rh5 46. Kg2
Re5 47. Kf1 Rh5 48. Kg2 Rg5+ 49. Kf1 Re5 50. Rd7 f5 51. Bb7 h5 52. Rg7 Re6 53.
Bc8 Rc6 54. Bb7 Rd6 55. Ke2 Re6+ 56. Kf1 h4 57. Rd7 Re5 58. Rd3 Re7 59. Bd5 Bb4
60. Rd1 Ka4 61. Rb1 Ba5 62. Rb3 Re1+ 63. Kg2 Bb4 64. Bb7 Re2 65. Bxa6 Rxa2 66.
Rb1 Bc5 67. Bb5+ Ka3 68. Rf1 Rc2 69. f4 Bd6 70. Be8 Rxc4 71. Bxg6 Rxf4 72. Rd1
Bc5 73. Rd3+ Kb2 74. Rf3 Rxf3 75. Kxf3 f4 76. Kxf4 Bxf2 77. Be8 Bg3+ 78. Ke4 b5
79. Bxb5 Kc3 80. Bc6 Kb2 81. Bb5 Kc3 82. Bc6 Kb2 83. Bb5 Kc3 84. Bc6 1/2-1/2

[Event "ch-USA Junior 2025"]
[Site "Saint Louis USA"]
[Date "2025.07.22"]
[Round "7.3"]
[White "Chasin, Nico"]
[Black "Park, Evan"]
[Result "1-0"]
[WhiteTitle "IM"]
[BlackTitle "IM"]
[WhiteElo "2459"]
[BlackElo "2429"]
[WhiteFideId "30908477"]
[BlackFideId "30931142"]
[EventDate "2025.07.15"]

1. Nf3 d5 2. g3 c5 3. Bg2 Nf6 4. O-O e6 5. c4 d4 6. e3 Nc6 7. d3 h6 8. exd4 cxd4
9. Na3 Bc5 10. Nc2 O-O 11. b3 a5 12. Ba3 Nd7 13. Re1 Re8 14. Bb2 e5 15. a3 Bd6
16. Rb1 Nf6 17. b4 axb4 18. axb4 Bg4 19. c5 Bf8 20. h3 Bf5 21. b5 Na5 22. c6 Bd6
23. cxb7 Rb8 24. Ncxd4 exd4 25. Nxd4 Rxe1+ 26. Qxe1 Bxd3 27. Rd1 Bg6 28. Nc6
Nxc6 29. bxc6 Bc2 30. Rxd6 Qxd6 31. Be5 Qe6 32. c7 1-0

[Event "ch-USA Junior 2025"]
[Site "Saint Louis USA"]
[Date "2025.07.22"]
[Round "7.4"]
[White "Rorrer, Grayson"]
[Black "Mishra, Abhimanyu"]
[Result "1/2-1/2"]
[WhiteTitle "IM"]
[BlackTitle "GM"]
[WhiteElo "2428"]
[BlackElo "2611"]
[WhiteFideId "30944996"]
[BlackFideId "30920019"]
[EventDate "2025.07.15"]

1. d4 Nf6 2. c4 e6 3. g3 c5 4. d5 exd5 5. cxd5 d6 6. Nc3 g6 7. Bg2 Bg7 8. Nf3
O-O 9. O-O Re8 10. Re1 Nbd7 11. Bf4 Ng4 12. Bg5 Qb6 13. Qb3 a6 14. Qxb6 Nxb6 15.
h3 Ne5 16. Nxe5 Bxe5 17. Bf4 Bxc3 18. bxc3 Nc4 19. a4 Bd7 20. a5 f6 21. h4 Reb8
22. Reb1 b5 23. axb6 Bb5 24. e4 Rxb6 25. Bf1 Rab8 26. Rb3 Kf7 27. Rab1 Na5 28.
R3b2 c4 29. Rb4 h5 30. Be2 Ke7 31. Bd1 Nb3 32. Bxb3 a5 33. Bxc4 axb4 34. Rxb4
Bd7 35. Rxb6 Rxb6 36. Be3 Rb2 37. Kg2 Rc2 38. Bd4 g5 39. hxg5 fxg5 40. Be3 g4
41. Bd4 Be8 42. Kf1 Rb2 43. Ke1 Ba4 44. Bd3 Bb3 45. c4 Bxc4 46. Bxb2 Bxd3 47. e5
Be4 48. Ba3 Bxd5 49. exd6+ Kd7 50. Kd2 Ke6 51. Ke3 Bc6 52. Kf4 Be8 53. Kg5 Bf7
54. Kh6 Be8 55. Kg7 Bb5 56. Kg6 Be8+ 57. Kg7 Bb5 58. Kg6 Be8+ 59. Kg7 Bb5 60.
Kg6 1/2-1/2

[Event "ch-USA Junior 2025"]
[Site "Saint Louis USA"]
[Date "2025.07.22"]
[Round "7.5"]
[White "Deviprasath, Sharvesh"]
[Black "Sethuraman, Sandeep"]
[Result "1/2-1/2"]
[WhiteTitle "FM"]
[BlackTitle "IM"]
[WhiteElo "2434"]
[BlackElo "2417"]
[WhiteFideId "30938228"]
[BlackFideId "30941091"]
[EventDate "2025.07.15"]

1. e4 c6 2. Nf3 d5 3. Nc3 dxe4 4. Nxe4 Nf6 5. Qe2 Nxe4 6. Qxe4 Nd7 7. Bc4 Nf6 8.
Ne5 e6 9. Qe2 b5 10. Bd3 Qc7 11. b3 Bd6 12. Bb2 O-O 13. O-O Bb7 14. f4 a6 15.
Rae1 c5 16. f5 c4 17. bxc4 bxc4 18. Nxc4 Bxh2+ 19. Kh1 e5 20. Kxh2 e4+ 21. Be5
exd3 22. cxd3 Qc6 23. Na5 Qd5 24. Nxb7 Qxb7 25. Bxf6 gxf6 26. Rf4 Qc7 27. g3 Kh8
28. Qh5 Rg8 29. Rh1 Qc2 30. Qxf7 Qxd2+ 31. Kh3 Raf8 32. Qe7 Rxg3+ 33. Kxg3 Rg8+
34. Rg4 Rxg4+ 35. Kxg4 Qg2+ 36. Kf4 Qf2+ 37. Kg4 Qg2+ 38. Kf4 Qf2+ 39. Kg4 Qg2+ 1/2-1/2

[Event "ch-USA Junior 2025"]
[Site "Saint Louis USA"]
[Date "2025.07.23"]
[Round "8.1"]
[White "Ghazarian, Kirk"]
[Black "Chasin, Nico"]
[Result "0-1"]
[WhiteTitle "GM"]
[BlackTitle "IM"]
[WhiteElo "2511"]
[BlackElo "2459"]
[WhiteFideId "30908604"]
[BlackFideId "30908477"]
[EventDate "2025.07.15"]

1. c4 e5 2. g3 Nf6 3. Bg2 d5 4. cxd5 Nxd5 5. Nf3 Nc6 6. O-O Nb6 7. b3 Bd6 8. Nc3
Be7 9. Bb2 O-O 10. Rc1 a6 11. d3 f5 12. b4 Be6 13. a3 Qe8 14. Nd2 Rd8 15. Na4
Nxa4 16. Qxa4 e4 17. Qc2 Qd7 18. Rfe1 Bg5 19. Rcd1 e3 20. Bxc6 bxc6 21. Nf3
exf2+ 22. Kxf2 Bh6 23. Ne5 Qe7 24. Qc5 Qf6 25. Qxc6 f4 26. Nf3 fxg3+ 27. hxg3
Qf7 28. Qe4 Rde8 29. Rf1 Bd5 30. Qg4 Re3 31. Rfe1 Rxf3+ 32. exf3 Bxf3 0-1

[Event "ch-USA Junior 2025"]
[Site "Saint Louis USA"]
[Date "2025.07.23"]
[Round "8.2"]
[White "Park, Evan"]
[Black "Woodward, Andy"]
[Result "0-1"]
[WhiteTitle "IM"]
[BlackTitle "GM"]
[WhiteElo "2429"]
[BlackElo "2567"]
[WhiteFideId "30931142"]
[BlackFideId "30953499"]
[EventDate "2025.07.15"]

1. e4 c5 2. Nf3 d6 3. d4 cxd4 4. Nxd4 Nf6 5. Nc3 a6 6. f4 e5 7. Nf3 Qc7 8. a4
Nbd7 9. g4 Qc6 10. Nd2 h6 11. f5 Be7 12. Bc4 b6 13. Qf3 Rb8 14. Qe2 Qa8 15. b3
Bb7 16. Bb2 d5 17. exd5 Nxd5 18. Nxd5 Bxd5 19. Bxd5 Bh4+ 20. Kd1 Qxd5 21. Qe4
Qd6 22. Ke2 O-O 23. Nc4 Qc5 24. Ne3 Rfc8 25. Rhd1 Nf6 26. Qxe5 Qc6 27. Qd6 Qe4
28. Qd3 Qf4 29. Rh1 Qf2+ 0-1

[Event "ch-USA Junior 2025"]
[Site "Saint Louis USA"]
[Date "2025.07.23"]
[Round "8.3"]
[White "Mishra, Abhimanyu"]
[Black "Hardaway, Brewington"]
[Result "1/2-1/2"]
[WhiteTitle "GM"]
[BlackTitle "GM"]
[WhiteElo "2611"]
[BlackElo "2498"]
[WhiteFideId "30920019"]
[BlackFideId "30941849"]
[EventDate "2025.07.15"]

1. e4 e5 2. Nf3 Nc6 3. Bb5 a6 4. Ba4 Nf6 5. O-O Bc5 6. c3 b5 7. Bb3 d6 8. a4 Bb7
9. d3 h6 10. Be3 Bxe3 11. fxe3 O-O 12. axb5 axb5 13. Rxa8 Bxa8 14. Na3 b4 15.
Nc4 Bb7 16. Qe1 bxc3 17. Qxc3 Qe7 18. Ncd2 g6 19. Bc4 Kg7 20. Ra1 Ra8 21. Rxa8
Bxa8 22. Bd5 Qd7 23. Qb3 Qe8 24. Nc4 Ne7 25. Bxa8 Qxa8 26. Qa3 Qe8 27. h3 Nc8
28. Qa6 Ne7 29. b4 Qc6 30. Qa5 Nd7 31. Nfd2 Qb7 32. Qa4 Qc6 33. Qa5 Qb7 34. Qa4
Qc6 35. b5 Qb7 36. Qb4 Nc6 37. Qa4 Ne7 38. Qb4 Nc6 39. Qa4 Ne7 1/2-1/2

[Event "ch-USA Junior 2025"]
[Site "Saint Louis USA"]
[Date "2025.07.23"]
[Round "8.4"]
[White "Sethuraman, Sandeep"]
[Black "Wang, Justin"]
[Result "0-1"]
[WhiteTitle "IM"]
[BlackTitle "IM"]
[WhiteElo "2417"]
[BlackElo "2529"]
[WhiteFideId "30941091"]
[BlackFideId "30911370"]
[EventDate "2025.07.15"]

1. d4 Nf6 2. c4 e6 3. Nc3 Bb4 4. Qc2 d5 5. a3 Bxc3+ 6. Qxc3 O-O 7. Bg5 c5 8.
dxc5 d4 9. Qf3 Nbd7 10. e3 h6 11. Bxf6 Nxf6 12. O-O-O e5 13. Ne2 Bg4 14. Qg3 d3
15. f3 Rc8 16. Nc3 e4 17. fxg4 Rxc5 18. h4 Rxc4 19. g5 Qa5 20. Kd2 Qb6 21. Ke1
Qxb2 22. gxf6 Qxc3+ 23. Kf2 Qxf6+ 24. Qf4 Qb2+ 25. Kg3 b5 26. Qd6 Qc2 27. Ra1
Qd2 28. Qf4 Qb2 29. Rd1 Qxa3 30. h5 Rd8 31. Rh4 Qd6 32. Qxd6 Rxd6 33. Kf4 a5 34.
g3 a4 35. Ke5 Re6+ 36. Kd5 a3 37. Ra1 Re8 38. Rxa3 Rc1 39. Rf4 d2 40. Be2 d1=Q+
41. Bxd1 Rxd1+ 42. Kc5 Rd3 43. Rxe4 Rxe4 44. Rxd3 Re5+ 45. Kd6 Rxh5 46. e4 f6
47. Rd5 Rg5 48. Rxg5 hxg5 49. Kc5 Kf7 50. Kxb5 Ke6 51. Kc4 Ke5 52. Kd3 f5 53.
exf5 Kxf5 54. Ke3 Kg4 55. Kf2 Kh3 56. Kf3 g4+ 57. Kf2 Kh2 0-1

[Event "ch-USA Junior 2025"]
[Site "Saint Louis USA"]
[Date "2025.07.23"]
[Round "8.5"]
[White "Rorrer, Grayson"]
[Black "Deviprasath, Sharvesh"]
[Result "0-1"]
[WhiteTitle "IM"]
[BlackTitle "FM"]
[WhiteElo "2428"]
[BlackElo "2434"]
[WhiteFideId "30944996"]
[BlackFideId "30938228"]
[EventDate "2025.07.15"]

1. d4 Nf6 2. c4 e6 3. g3 d5 4. Bg2 dxc4 5. Nf3 Bd7 6. Ne5 Bc6 7. Nxc6 Nxc6 8.
O-O Qd7 9. e3 Rd8 10. Qc2 b5 11. b3 Nb4 12. Qe2 cxb3 13. axb3 c6 14. Bd2 Nbd5
15. Rc1 Be7 16. Na3 O-O 17. Nc2 c5 18. Ra5 Rb8 19. e4 Nb4 20. Nxb4 cxb4 21. Bf4
Rb7 22. Be5 Ne8 23. Ra6 Bd8 24. Rac6 Bc7 25. Bxc7 Rxc7 26. d5 a6 27. Qc2 Rxc6
28. dxc6 Qc7 29. Rd1 Qe5 30. Rd3 a5 31. f4 Qa1+ 32. Bf1 a4 33. Qc5 a3 34. c7
Nxc7 35. Qxc7 a2 36. Qa5 Qb1 37. Rd8 g6 38. Rxf8+ Kxf8 39. Qd8+ Kg7 40. e5 Qf5
41. Qd4 Qc2 42. f5 gxf5 0-1

[Event "ch-USA Junior 2025"]
[Site "Saint Louis USA"]
[Date "2025.07.24"]
[Round "9.1"]
[White "Woodward, Andy"]
[Black "Ghazarian, Kirk"]
[Result "1/2-1/2"]
[WhiteTitle "GM"]
[BlackTitle "GM"]
[WhiteElo "2567"]
[BlackElo "2511"]
[WhiteFideId "30953499"]
[BlackFideId "30908604"]
[EventDate "2025.07.15"]

1. d4 Nf6 2. c4 g6 3. Nc3 d5 4. cxd5 Nxd5 5. e4 Nxc3 6. bxc3 Bg7 7. Nf3 c5 8. h3
Nc6 9. Be3 Qa5 10. Bd2 O-O 11. Be2 cxd4 12. cxd4 Qa3 13. d5 Ne5 14. O-O Bd7 15.
Nxe5 Bxe5 16. Rb1 Qxa2 17. Rxb7 Ba4 18. Qe1 e6 19. Bh6 Rfb8 20. Rxb8+ Rxb8 21.
dxe6 Qxe6 22. Qa5 Bc6 23. Rd1 Re8 24. Qxa7 Bxe4 25. Bb5 Bc6 26. Bxc6 Qxc6 27.
Be3 Bg7 28. Qd7 Qxd7 29. Rxd7 Bh8 30. Kh1 Bg7 31. Kg1 Bh8 32. Kh1 Bg7 33. Kg1
Bh8 34. Kh1 1/2-1/2

[Event "ch-USA Junior 2025"]
[Site "Saint Louis USA"]
[Date "2025.07.24"]
[Round "9.2"]
[White "Hardaway, Brewington"]
[Black "Park, Evan"]
[Result "1-0"]
[WhiteTitle "GM"]
[BlackTitle "IM"]
[WhiteElo "2498"]
[BlackElo "2429"]
[WhiteFideId "30941849"]
[BlackFideId "30931142"]
[EventDate "2025.07.15"]

1. e4 e5 2. Nf3 Nc6 3. d4 exd4 4. Nxd4 Nf6 5. Nxc6 bxc6 6. Nd2 d5 7. exd5 cxd5
8. Bb5+ Bd7 9. Bxd7+ Qxd7 10. O-O Be7 11. b3 O-O 12. Bb2 Rad8 13. Re1 Rfe8 14.
h3 Qc6 15. Nf3 Ne4 16. Qd3 Bf6 17. Bd4 h6 18. Re3 Bxd4 19. Nxd4 Qf6 20. Rf1 c5
21. Nf3 Qf4 22. Rfe1 f5 23. R3e2 Kh7 24. g3 Qc7 25. Nh4 g6 26. Ng2 Qf7 27. h4 g5
28. Qf3 Rf8 29. a3 a5 30. Qd3 Rde8 31. c4 dxc4 32. bxc4 Rd8 33. Qc2 Rfe8 34.
hxg5 hxg5 35. g4 Rd4 36. f3 Nd6 37. Rxe8 Nxe8 38. Ne3 Nd6 39. Nd5 Rxd5 40. cxd5
Qxd5 41. Rd1 Qe5 42. Qh2+ Qxh2+ 43. Kxh2 Nb5 44. gxf5 Nxa3 45. Kg3 Kh6 46. Kg4
Nc4 47. Rh1+ Kg7 48. Kxg5 a4 49. f6+ Kg8 50. f4 a3 51. Kg6 Nd6 52. Rb1 a2 53.
Rb8+ Ne8 54. f7+ Kh8 55. fxe8=R# 1-0